Supply Chain Management a jeho využívanie v praxi

Faktory ako neustále sa prehlbujúca globalizácia trhu, vysoká konkurencia, výroba výrobkov. Podniky stále viac a viac globálnych zdrojov svojich dodávok a súčiastok hľadaných efektívne spôsoby koordinácie toku materiálov do a zo podniku. Kľúčom k súčinnosti je orientácia na užšie vzťahy s dodávateľm...

Descrizione completa

Salvato in:
Dettagli Bibliografici
Autore principale: Gontkovičová, Barbora, 1986-
Natura: Capitolo di libro
Lingua:slovacco
Soggetti:
Tags: Aggiungi Tag
Nessun Tag, puoi essere il primo ad aggiungerne!!

MARC

LEADER 00000naa$a2200000$$$4500
001 0260350
005 20240502074124.7
041 0 |a slo 
044 |a SK 
245 1 0 |a Supply Chain Management a jeho využívanie v praxi  |c Barbora Gontkovičová 
520 |a Faktory ako neustále sa prehlbujúca globalizácia trhu, vysoká konkurencia, výroba výrobkov. Podniky stále viac a viac globálnych zdrojov svojich dodávok a súčiastok hľadaných efektívne spôsoby koordinácie toku materiálov do a zo podniku. Kľúčom k súčinnosti je orientácia na užšie vzťahy s dodávateľmi. Získanie správneho produktu pre zákazníka rýchlejšie a spoľahlivejšie od konkurencie sa už nepovažuje za konkurenčnú výhodu, ale za požiadavku na trhu. Zákazníci požadujú, aby výrobky boli dodané rýchlejšie, presne načas a bez poškodenia. Každá z daných požiadaviek si vyžaduje užšiu koordináciu podniku s dodávateľmi a distribútormi. Poukázanie na postavenie SCM medzi manažérskymi nástrojmi využívanými v podnikovej praxi. 
610 2 0 |a manažéri 
610 2 0 |a podnik 
610 2 0 |a globalizácia 
610 2 0 |a služby 
610 2 0 |a zákazníci 
100 1 |a Gontkovičová, Barbora, 1986-